[Event "VL 2017/18"]
[Site "Mecklenburg-Vorpommern"]
[Date "2017.10.08"]
[Round "1.1"]
[White "Waschk, Armin"]
[Black "Mildner, Jens"]
[Result "1-0"]
[WhiteElo "2117"]
[BlackElo "2038"]
[PlyCount "93"]
[EventDate "2017.??.??"]
[EventType "team-tourn"]
[EventRounds "9"]
[SourceDate "2017.10.08"]
[WhiteTeam "SG Guestrow/Teterow"]
[BlackTeam "Greifswalder SV II"]

1. e4 c5 2. Nf3 Nc6 3. Bb5 g6 4. O-O Bg7 5. c3 Qb6 6. Na3 Nf6 7. Re1 O-O 8. d4
cxd4 9. cxd4 d5 10. e5 Ne8 11. Be3 Nc7 12. Bxc6 bxc6 13. Rc1 Bb7 14. Re2 Rac8
15. Rec2 Ne6 16. Nb1 f6 17. Nc3 f5 18. Na4 Qb4 19. b3 f4 20. Bd2 Qb5 21. Nc5
Nxc5 22. Rxc5 Qd3 23. Bb4 Qxd1+ 24. Rxd1 a6 25. Ng5 Rf5 26. Nf3 e6 27. Rc3 g5
28. Ne1 Ra8 29. Nd3 Kf7 30. Bd6 a5 31. Rdc1 g4 32. Nc5 Bc8 33. Na4 Bb7 34. Rc5
Bh6 35. R1c2 Bg5 36. Bc7 g3 37. Rxa5 Rxa5 38. Bxa5 gxf2+ 39. Kxf2 Be7 40. Bd2
Kg6 41. Kf3 Kg5 42. g3 h5 43. Nc5 Bc8 44. Nd3 Ba6 45. Nxf4 Bd3 46. Rxc6 Be4+
47. Kf2 1-0

[Event "VL 2017/18"]
[Site "Mecklenburg-Vorpommern"]
[Date "2017.10.08"]
[Round "1.2"]
[White "Schwahn, Christian"]
[Black "Luther, Alexander"]
[Result "0-1"]
[WhiteElo "1950"]
[BlackElo "1973"]
[PlyCount "150"]
[EventDate "2017.??.??"]
[EventType "team-tourn"]
[EventRounds "9"]
[SourceDate "2017.10.08"]
[WhiteTeam "Greifswalder SV II"]
[BlackTeam "SG Guestrow/Teterow"]

1. Nf3 d5 2. d4 Nf6 3. g3 e6 4. Bg2 Be7 5. O-O O-O 6. c4 dxc4 7. Ne5 Nc6 8.
Bxc6 bxc6 9. Nxc6 Qe8 10. Nxe7+ Qxe7 11. Qa4 Qd6 12. Nc3 Qxd4 13. Be3 Qg4 14.
f3 Qh3 15. Qxc4 Bb7 16. Rf2 Nd5 17. Bc5 Rfd8 18. e4 Nb6 19. Bxb6 cxb6 20. Qc7
Ba6 21. Re1 Qh5 22. e5 Rd3 23. Ne4 Rd5 24. g4 Qxe5 25. Qxe5 Rxe5 26. Rd1 Rd5
27. Rxd5 exd5 28. Nc3 d4 29. Ne4 Rc8 30. Rd2 d3 31. Kf2 Kf8 32. Ke3 Rc6 33. Nc3
Re6+ 34. Kd4 Rd6+ 35. Ke3 Re6+ 36. Kd4 Re1 37. b4 Rf1 38. Ke3 Bb7 39. Ne4 Bxe4
40. fxe4 Rg1 41. Rxd3 Rxg4 42. b5 Rg2 43. Ra3 Rb2 44. Rxa7 Rxb5 45. Kf4 Ra5 46.
Rb7 Rxa2 47. Rb8+ Ke7 48. Rb7+ Kd8 49. Ke5 Rf2 50. Rxb6 Rxh2 51. Rb8+ Kc7 52.
Rb1 Rh5+ 53. Kd4 f6 54. Ke3 Kd6 55. Rb6+ Ke7 56. Rb7+ Kf8 57. Kf4 Re5 58. Ra7
Re7 59. Ra1 Kf7 60. Rh1 g5+ 61. Kf3 Kg6 62. Ra1 h5 63. Ra8 h4 64. Rg8+ Rg7 65.
Rd8 Kf7 66. Ra8 g4+ 67. Kg2 Ke6 68. Ra5 Rg5 69. Ra1 Rb5 70. Rf1 Rb2+ 71. Kg1 h3
72. Rf4 g3 73. Rf1 Re2 74. Ra1 Rxe4 75. Re1 Rxe1# 0-1

[Event "VL 2017/18"]
[Site "Mecklenburg-Vorpommern"]
[Date "2017.10.08"]
[Round "1.3"]
[White "Kiel, Bernd"]
[Black "Sowada, Christoph"]
[Result "0-1"]
[WhiteElo "1892"]
[BlackElo "1911"]
[PlyCount "116"]
[EventDate "2017.??.??"]
[EventType "team-tourn"]
[EventRounds "9"]
[SourceDate "2017.10.08"]
[WhiteTeam "SG Guestrow/Teterow"]
[BlackTeam "Greifswalder SV II"]

1. e4 e5 2. Nf3 Nc6 3. c3 d5 4. Qa4 f6 5. Bb5 Nge7 6. exd5 Qxd5 7. d4 e4 8.
Nfd2 e3 9. Nf3 exf2+ 10. Kxf2 Bd7 11. Re1 a6 12. c4 Qf5 13. d5 Ne5 14. Bxd7+
Qxd7 15. Qxd7+ Nxd7 16. Be3 O-O-O 17. b4 Ng6 18. c5 Nde5 19. Nxe5 Nxe5 20. Rd1
Ng4+ 21. Kf3 Nxe3 22. Kxe3 g6 23. Nc3 Bh6+ 24. Kd3 f5 25. Re1 Rhe8 26. Rad1 Bg7
27. Rxe8 Rxe8 28. Kc4 Re3 29. Rd3 b5+ 30. cxb6 Rxd3 31. Kxd3 cxb6 32. a4 Kc7
33. Ne2 b5 34. axb5 axb5 35. Nf4 Kd6 36. Ne6 Be5 37. h3 Kxd5 38. Nf8 Bd6 39.
Nxh7 Bxb4 40. Ng5 Ke5 41. Ke2 Be7 42. Nf3+ Ke4 43. Nd2+ Kd4 44. Nf3+ Kc3 45.
Ne5 g5 46. Nc6 Bf6 47. Kf3 b4 48. Nxb4 Kxb4 49. h4 Kc3 50. hxg5 Bxg5 51. Kf2
Kd3 52. Kg1 Ke2 53. Kh1 Bf4 54. Kg1 Bc7 55. Kh1 Kf2 56. g4 f4 57. g5 Ke2 58. g6
Be5 0-1

[Event "VL 2017/18"]
[Site "Mecklenburg-Vorpommern"]
[Date "2017.10.08"]
[Round "1.4"]
[White "Hertel, Johannes"]
[Black "Ramp, Oliver"]
[Result "1-0"]
[WhiteElo "1895"]
[BlackElo "1811"]
[PlyCount "49"]
[EventDate "2017.??.??"]
[EventType "team-tourn"]
[EventRounds "9"]
[SourceDate "2017.10.08"]
[WhiteTeam "Greifswalder SV II"]
[BlackTeam "SG Guestrow/Teterow"]

1. d4 d5 2. c4 c6 3. Nf3 Nf6 4. e3 Bg4 5. Qb3 Qc7 6. Nc3 Bxf3 7. gxf3 dxc4 8.
Bxc4 e6 9. Bd2 Nbd7 10. O-O-O O-O-O 11. Kb1 Be7 12. Rc1 Kb8 13. Be2 Nb6 14. f4
Qd7 15. Rhd1 Nbd5 16. Na4 Ne4 17. Be1 f5 18. f3 Nef6 19. Nc5 Bxc5 20. Rxc5 Rc8
21. Rdc1 b6 22. R5c2 Qb7 23. Bd2 Nd7 24. Qa3 Qc7 25. Ba6 1-0

[Event "VL 2017/18"]
[Site "Mecklenburg-Vorpommern"]
[Date "2017.10.08"]
[Round "1.5"]
[White "Hornecker, Siegfried"]
[Black "Dombrowski, Frank"]
[Result "1-0"]
[WhiteElo "1872"]
[BlackElo "1956"]
[PlyCount "125"]
[EventDate "2017.??.??"]
[EventType "team-tourn"]
[EventRounds "9"]
[SourceDate "2017.10.08"]
[WhiteTeam "SG Guestrow/Teterow"]
[BlackTeam "Greifswalder SV II"]

1. e4 c6 2. Nf3 d5 3. exd5 cxd5 4. d4 Nf6 5. c4 dxc4 6. Bxc4 e6 7. Nc3 Nbd7 8.
Qa4 Be7 9. O-O O-O 10. Qc2 b6 11. Ne5 Nxe5 12. dxe5 Nd7 13. Bd3 h6 14. Be4 Rb8
15. Rd1 Qc7 16. Nd5 Qd8 17. Nxe7+ Qxe7 18. Qc7 Qc5 19. Bc6 Bb7 20. Rxd7 Qxc6
21. Qxc6 Bxc6 22. Rxa7 Rfd8 23. Be3 b5 24. Rc7 Rbc8 25. Rxc8 Rxc8 26. Rc1 Kf8
27. b3 Ke8 28. a4 bxa4 29. bxa4 Bd7 30. Ra1 Ra8 31. a5 Bc8 32. Bb6 Ba6 33. Rd1
Rc8 34. h4 h5 35. Kh2 Ra8 36. Kg3 Bb7 37. Kf4 g6 38. g3 Rc8 39. Kg5 Ke7 40. Rd4
Ba6 41. Rd2 Bb5 42. Kh6 Ba6 43. Kg7 Bb5 44. Be3 Ke8 45. Bg5 Ra8 46. Rd6 Ba6 47.
Rb6 Bc8 48. Bd2 Ba6 49. Bb4 Bc8 50. f3 Ba6 51. g4 Be2 52. gxh5 gxh5 53. Rb7
Bxf3 54. Re7+ Kd8 55. Rxf7 Be4 56. Kh6 Ra6 57. Kxh5 Rc6 58. Kg5 Rc4 59. Bd6 Ra4
60. Rf4 Kd7 61. h5 Kc6 62. h6 Bd5 63. Rxa4 1-0

[Event "VL 2017/18"]
[Site "Mecklenburg-Vorpommern"]
[Date "2017.10.08"]
[Round "1.6"]
[White "Fromm, Marius"]
[Black "Ebert, Lutz"]
[Result "1-0"]
[WhiteElo "1787"]
[BlackElo "1723"]
[PlyCount "45"]
[EventDate "2017.??.??"]
[EventType "team-tourn"]
[EventRounds "9"]
[SourceDate "2017.10.08"]
[WhiteTeam "Greifswalder SV II"]
[BlackTeam "SG Guestrow/Teterow"]

1. Nf3 d5 2. c4 d4 3. b4 g6 4. d3 Bg7 5. g3 c5 6. Bg2 Nc6 7. bxc5 Qa5+ 8. Nbd2
Qxc5 9. O-O Bf5 10. Qa4 Qd6 11. Ba3 Qd7 12. Rab1 Rb8 13. Nh4 Qc7 14. Nxf5 gxf5
15. Bxc6+ bxc6 16. Rxb8+ Qxb8 17. Qxc6+ Kd8 18. Rb1 Qc8 19. Qd5+ Ke8 20. Qb5+
Kd8 21. Qa5+ Qc7 22. Rb8+ Kd7 23. Qd5+ 1-0

[Event "VL 2017/18"]
[Site "Mecklenburg-Vorpommern"]
[Date "2017.10.08"]
[Round "1.7"]
[White "Armbruester, Clemens"]
[Black "Grehl, Tino"]
[Result "1-0"]
[WhiteElo "1706"]
[BlackElo "1869"]
[PlyCount "51"]
[EventDate "2017.??.??"]
[EventType "team-tourn"]
[EventRounds "9"]
[SourceDate "2017.10.08"]
[WhiteTeam "SG Guestrow/Teterow"]
[BlackTeam "Greifswalder SV II"]

1. d4 d5 2. c4 e6 3. Nf3 Nf6 4. Nc3 Be7 5. Bg5 O-O 6. e3 h6 7. Bh4 Ne4 8. Bxe7
Qxe7 9. Rc1 Nxc3 10. Rxc3 dxc4 11. Bxc4 Nd7 12. Qc2 c6 13. O-O b6 14. Bd3 Bb7
15. Be4 Rac8 16. Bxc6 Bxc6 17. Rxc6 Rxc6 18. Qxc6 Nf6 19. Rc1 Nd5 20. a3 Rd8
21. Ne5 Qf6 22. Qb7 a5 23. g3 g5 24. e4 Qe7 25. Qa6 f6 26. Nc6 1-0

[Event "VL 2017/18"]
[Site "Mecklenburg-Vorpommern"]
[Date "2017.10.08"]
[Round "1.8"]
[White "Nauschuetz, Ernst"]
[Black "Joers, Pia Milena"]
[Result "1/2-1/2"]
[WhiteElo "1849"]
[BlackElo "1623"]
[PlyCount "138"]
[EventDate "2017.??.??"]
[EventType "team-tourn"]
[EventRounds "9"]
[SourceDate "2017.10.08"]
[WhiteTeam "Greifswalder SV II"]
[BlackTeam "SG Guestrow/Teterow"]

1. c4 Nf6 2. g3 e6 3. Bg2 d5 4. Nf3 c5 5. O-O Be7 6. cxd5 exd5 7. d4 b6 8. Nc3
Bb7 9. Bg5 h6 10. Bf4 Nbd7 11. Ne5 Nxe5 12. dxe5 Ne4 13. Nxe4 dxe4 14. Qc2 Qd5
15. Rfd1 Qc6 16. Rac1 O-O 17. Bd2 Rfd8 18. f4 exf3 19. exf3 Qe6 20. b3 Qxe5 21.
Re1 Qd4+ 22. Be3 Qf6 23. f4 Bxg2 24. Kxg2 Qc6+ 25. Kf2 Qb7 26. Re2 Bf6 27. Rd1
Rxd1 28. Qxd1 Rd8 29. Rd2 Rxd2+ 30. Qxd2 Qh1 31. h4 Qh2+ 32. Kf3 Qxd2 33. Bxd2
Kf8 34. h5 Bd4 35. Ke4 Ke7 36. g4 a6 37. Kd5 Kd7 38. b4 Kc7 39. g5 hxg5 40.
fxg5 Kd7 41. h6 gxh6 42. gxh6 f5 43. Bf4 Ke7 44. bxc5 bxc5 45. a4 Kf7 46. Bd2
Kg6 47. Ke6 c4 48. Kd5 c3 49. Bc1 Bf2 50. Kc4 Be1 51. Kd3 Bd2 52. Bxd2 cxd2 53.
Kxd2 Kxh6 54. Ke3 Kg5 55. Kf3 f4 56. Kf2 Kg4 57. Kg2 f3+ 58. Kf2 Kf4 59. a5 Ke4
60. Kf1 Kd5 61. Kf2 Kc5 62. Kxf3 Kb5 63. Ke2 Kxa5 64. Kd1 Kb4 65. Kc1 Kb3 66.
Kb1 a5 67. Ka1 a4 68. Kb1 a3 69. Ka1 a2 1/2-1/2

[Event "VL 2017/18"]
[Site "Mecklenburg-Vorpommern"]
[Date "2017.10.08"]
[Round "1.1"]
[White "Schmekel, Florian"]
[Black "Rossmann, Andreas"]
[Result "1-0"]
[WhiteElo "2040"]
[BlackElo "1942"]
[PlyCount "81"]
[EventDate "2017.??.??"]
[EventType "team-tourn"]
[EventRounds "9"]
[SourceDate "2017.10.08"]
[WhiteTeam "SAV Torgelow"]
[BlackTeam "SG Neubrandenburg"]

1. d4 Nf6 2. c4 e6 3. Nf3 d5 4. Nc3 Be7 5. Bg5 O-O 6. e3 h6 7. Bh4 Ne4 8. Bxe7
Qxe7 9. cxd5 Nxc3 10. bxc3 exd5 11. Qb3 Rd8 12. c4 dxc4 13. Bxc4 Nc6 14. Be2
Rb8 15. O-O Be6 16. Qc3 Nb4 17. a3 Nd5 18. Qa5 b6 19. Qa6 f6 20. Rfc1 c5 21.
Bc4 b5 22. Bxd5 Bxd5 23. Rxc5 Bxf3 24. gxf3 Rd6 25. Qa5 Rbb6 26. Rxb5 Qb7 27.
Rxb6 Rxb6 28. Qf5 Rb5 29. Qe6+ Kh8 30. Qe8+ Kh7 31. Qe4+ f5 32. Qxb7 Rxb7 33.
Rc1 Rb3 34. a4 Rb4 35. a5 f4 36. Rc7 Rb3 37. Re7 Ra3 38. Re5 g5 39. Kg2 Kg6 40.
e4 Ra4 41. Rd5 1-0

[Event "VL 2017/18"]
[Site "Mecklenburg-Vorpommern"]
[Date "2017.10.08"]
[Round "1.2"]
[White "Hartung, Lothar"]
[Black "Zentgraf, Robert"]
[Result "0-1"]
[WhiteElo "1777"]
[BlackElo "2107"]
[PlyCount "138"]
[EventDate "2017.??.??"]
[EventType "team-tourn"]
[EventRounds "9"]
[SourceDate "2017.10.08"]
[WhiteTeam "SG Neubrandenburg"]
[BlackTeam "SAV Torgelow"]

1. d4 Nf6 2. Nf3 e6 3. e3 c5 4. c3 b6 5. Bd3 Bb7 6. Nbd2 cxd4 7. exd4 Be7 8.
Qe2 d6 9. Ne4 Nbd7 10. O-O O-O 11. Re1 h6 12. Bf4 Nxe4 13. Bxe4 Bxe4 14. Qxe4
Nf6 15. Qd3 Qd7 16. Rad1 b5 17. Qd2 Rfc8 18. Qe2 Nd5 19. Bd2 Rc7 20. Rc1 Rac8
21. Qd3 Qc6 22. a3 Qc4 23. Qb1 Qa4 24. Rc2 Qa6 25. Rcc1 Bf6 26. Qd3 Qa4 27. Qb1
Qb3 28. Be3 Nb6 29. Nd2 Qd5 30. Qe4 Qxe4 31. Nxe4 Be7 32. Nd2 Nc4 33. Nxc4 Rxc4
34. d5 a6 35. dxe6 fxe6 36. Rcd1 Kf7 37. Bb6 Ra4 38. Rd3 Rc6 39. Ba7 a5 40. g3
b4 41. cxb4 axb4 42. Be3 Rc2 43. Rb3 bxa3 44. bxa3 Ra2 45. Bc1 Ra1 46. Kf1 Ra7
47. Bb2 Ra2 48. Ra1 Rxa1+ 49. Bxa1 e5 50. Ke2 Ke6 51. Kd3 d5 52. Bb2 e4+ 53.
Ke3 Bc5+ 54. Bd4 Bxd4+ 55. Kxd4 Ra4+ 56. Rb4 Rxa3 57. Rb6+ Kf5 58. Kxd5 Rd3+
59. Kc4 Rd2 60. Rb8 Kg4 61. Rf8 Kh3 62. Rf7 g5 63. Rh7 Kxh2 64. Rxh6+ Kg2 65.
Rg6 Kxf2 66. Rxg5 e3 67. Rf5+ Kxg3 68. Kc3 Rd1 69. Rg5+ Kf4 0-1

[Event "VL 2017/18"]
[Site "Mecklenburg-Vorpommern"]
[Date "2017.10.08"]
[Round "1.3"]
[White "Bauer, Norbert"]
[Black "Stoevesand, Peter"]
[Result "1-0"]
[WhiteElo "1979"]
[BlackElo "1901"]
[PlyCount "79"]
[EventDate "2017.??.??"]
[EventType "team-tourn"]
[EventRounds "9"]
[SourceDate "2017.10.08"]
[WhiteTeam "SAV Torgelow"]
[BlackTeam "SG Neubrandenburg"]

1. d4 d5 2. Bg5 Nf6 3. Nc3 Bf5 4. f3 h6 5. Bxf6 gxf6 6. e4 dxe4 7. fxe4 Bg6 8.
Nf3 Bg7 9. Nh4 O-O 10. Bc4 Kh7 11. Qd2 Nc6 12. Nxg6 fxg6 13. O-O-O e5 14. d5
Nd4 15. Ne2 Nxe2+ 16. Qxe2 Qd6 17. g4 a6 18. Kb1 b5 19. Bb3 c6 20. dxc6 Qxc6
21. Bd5 Qc7 22. Bxa8 Rxa8 23. Rd5 Ra7 24. Rhd1 Qc8 25. Rd8 Qc6 26. h4 Rc7 27.
Qd3 b4 28. Qb3 Qc4 29. R1d3 f5 30. gxf5 gxf5 31. exf5 e4 32. Qxc4 Rxc4 33. R3d7
Rc6 34. Rd6 Rc5 35. Rd5 Rc4 36. Re8 h5 37. Re7 Rc6 38. Rdd7 e3 39. Rxg7+ Kh8
40. Rge7 1-0

[Event "VL 2017/18"]
[Site "Mecklenburg-Vorpommern"]
[Date "2017.10.08"]
[Round "1.4"]
[White "Baier, Karsten"]
[Black "Ehlers, Michael"]
[Result "1/2-1/2"]
[WhiteElo "1868"]
[BlackElo "1858"]
[PlyCount "33"]
[EventDate "2017.??.??"]
[EventType "team-tourn"]
[EventRounds "9"]
[SourceDate "2017.10.08"]
[WhiteTeam "SG Neubrandenburg"]
[BlackTeam "SAV Torgelow"]

1. d4 Nf6 2. c4 g6 3. Nc3 d5 4. cxd5 Nxd5 5. e4 Nxc3 6. bxc3 Bg7 7. Bc4 O-O 8.
Ne2 c5 9. O-O Nc6 10. Be3 Na5 11. Bd3 b6 12. Qa4 Bb7 13. Rad1 c4 14. Bb1 Bc6
15. Qc2 Qd7 16. Qd2 Rfd8 17. Bh6 1/2-1/2

[Event "VL 2017/18"]
[Site "Mecklenburg-Vorpommern"]
[Date "2017.10.08"]
[Round "1.5"]
[White "Troemer, Felix"]
[Black "Kunow, Frank"]
[Result "0-1"]
[WhiteElo "1553"]
[BlackElo "1875"]
[PlyCount "84"]
[EventDate "2017.??.??"]
[EventType "team-tourn"]
[EventRounds "9"]
[SourceDate "2017.10.08"]
[WhiteTeam "SAV Torgelow"]
[BlackTeam "SG Neubrandenburg"]

1. e4 g6 2. d4 Bg7 3. Nc3 a6 4. f4 d5 5. e5 h5 6. Be2 Nh6 7. Nf3 Bg4 8. h3 Bxf3
9. Bxf3 e6 10. Qe2 Nf5 11. Qf2 Nc6 12. Be3 Nxe3 13. Qxe3 Qh4+ 14. Kd2 Bh6 15.
Ne2 Qe7 16. h4 Na5 17. b3 Rc8 18. g3 Qa3 19. Rhc1 c5 20. Ke1 cxd4 21. Nxd4 O-O
22. Qd3 Qb2 23. Nxe6 fxe6 24. Qxg6+ Bg7 25. Qxe6+ Kh8 26. Qxd5 Qc3+ 27. Kf2
Rcd8 28. Qe4 Rd4 29. Qg6 Rd2+ 30. Be2 Qd4+ 31. Ke1 Rd8 32. Qxh5+ Kg8 33. Qf3
Qg1+ 34. Qf1 Qxg3+ 35. Qf2 Qc3 36. Kf1 Bxe5 37. Qg2+ Bg7 38. Qg4 Re8 39. Bd3
Qc6 40. Qh3 Qc5 41. Qg3 Re3 42. Qg4 Re1+ 0-1

[Event "VL 2017/18"]
[Site "Mecklenburg-Vorpommern"]
[Date "2017.10.08"]
[Round "1.7"]
[White "Massloch, Philipp"]
[Black "Winkler, Karl"]
[Result "1/2-1/2"]
[WhiteElo "1628"]
[BlackElo "1829"]
[PlyCount "70"]
[EventDate "2017.??.??"]
[EventType "team-tourn"]
[EventRounds "9"]
[SourceDate "2017.10.08"]
[WhiteTeam "SAV Torgelow"]
[BlackTeam "SG Neubrandenburg"]

1. e4 Nf6 2. e5 Nd5 3. d4 d6 4. c4 Nb6 5. exd6 exd6 6. b3 Be7 7. Bb2 Bf5 8. d5
O-O 9. Nf3 Bf6 10. Nc3 N8d7 11. Be2 Nc5 12. O-O Ne4 13. Nd4 Bg6 14. Nxe4 Bxe4
15. Bd3 Re8 16. Re1 Bxd3 17. Qxd3 Nd7 18. Re2 Nc5 19. Qc2 Qd7 20. Rae1 Rxe2 21.
Rxe2 Re8 22. Kf1 Rxe2 23. Qxe2 Kf8 24. Qc2 Qg4 25. f3 Qf4 26. Ne2 Qxh2 27. Bxf6
gxf6 28. Qf5 Qh4 29. Qc8+ Kg7 30. g3 Qh1+ 31. Ng1 Qh2 32. Qg4+ Kf8 33. Qc8+ Kg7
34. Qg4+ Kf8 35. Qc8+ Kg7 1/2-1/2

[Event "VL 2017/18"]
[Site "Mecklenburg-Vorpommern"]
[Date "2017.10.08"]
[Round "1.8"]
[White "Leisner, Ekkehardt"]
[Black "Grossmann, Piet"]
[Result "1-0"]
[WhiteElo "1779"]
[BlackElo "1654"]
[PlyCount "117"]
[EventDate "2017.??.??"]
[EventType "team-tourn"]
[EventRounds "9"]
[SourceDate "2017.10.08"]
[WhiteTeam "SG Neubrandenburg"]
[BlackTeam "SAV Torgelow"]

1. c4 e6 2. Nf3 f5 3. g3 b6 4. Bg2 Bb7 5. O-O Nf6 6. d3 Be7 7. b3 O-O 8. Bb2
Qe8 9. Nbd2 h6 10. Qc2 Nh7 11. e4 fxe4 12. dxe4 Ng5 13. Nxg5 Bxg5 14. Nf3 Be7
15. Rad1 d6 16. Nd4 Bf6 17. Nb5 Na6 18. Ba3 e5 19. b4 Kh8 20. Nc3 Qe7 21. Nd5
Bxd5 22. cxd5 Qd7 23. Rc1 Kg8 24. Qc6 Qxc6 25. Rxc6 Rac8 26. Bh3 Rce8 27. Rfc1
Bd8 28. R1c2 Re7 29. R6c3 g6 30. Bf1 Nb8 31. Bc1 Kg7 32. Ra3 Nd7 33. Kg2 Nf6
34. f3 Ref7 35. Be2 Nh7 36. Rxa7 Nf6 37. Be3 Ne8 38. a4 c5 39. Rxf7+ Rxf7 40.
Bb5 Nf6 41. bxc5 bxc5 42. Bd2 Ra7 43. Ra2 Nd7 44. Kf2 Nb8 45. Ke2 h5 46. f4 Bf6
47. Kd3 Kf7 48. a5 Na6 49. Kc4 Nc7 50. Bc6 Ke7 51. Bc3 exf4 52. Bxf6+ Kxf6 53.
gxf4 Ra6 54. e5+ dxe5 55. fxe5+ Kxe5 56. Kxc5 Na8 57. d6 Ke6 58. Re2+ Kf7 59.
Re7+ 1-0

[Event "VL 2017/18"]
[Site "Mecklenburg-Vorpommern"]
[Date "2017.10.08"]
[Round "1.2"]
[White "Littke, Helmut"]
[Black "Schumacher, Ole"]
[Result "1-0"]
[WhiteElo "1949"]
[BlackElo "1835"]
[PlyCount "41"]
[EventDate "2017.??.??"]
[EventType "team-tourn"]
[EventRounds "9"]
[SourceDate "2017.10.08"]
[WhiteTeam "ASV Wismar"]
[BlackTeam "SF Schwerin III"]

1. Nf3 c5 2. e4 d6 3. d4 cxd4 4. Nxd4 Nf6 5. Nc3 a6 6. Be2 e5 7. Nb3 Be7 8. Be3
Be6 9. O-O Nbd7 10. f4 Rc8 11. Kh1 Rxc3 12. bxc3 Nxe4 13. fxe5 Nxe5 14. Qd4 Nf6
15. Nc5 Nc6 16. Nxe6 Nxd4 17. Nxd8 Nxe2 18. Nxb7 Nxc3 19. Bd4 Ne2 20. Bxf6 Bxf6
21. Rae1 1-0

[Event "VL 2017/18"]
[Site "Mecklenburg-Vorpommern"]
[Date "2017.10.08"]
[Round "1.4"]
[White "Junggebauer, Thomas"]
[Black "Fischer, Torsten"]
[Result "0-1"]
[WhiteElo "1888"]
[BlackElo "1955"]
[PlyCount "90"]
[EventDate "2017.??.??"]
[EventType "team-tourn"]
[EventRounds "9"]
[SourceDate "2017.10.08"]
[WhiteTeam "ASV Wismar"]
[BlackTeam "SF Schwerin III"]

1. e4 c5 2. Nf3 d6 3. d4 cxd4 4. Nxd4 Nf6 5. Nc3 a6 6. Bc4 e6 7. Bb3 Be7 8. Bg5
O-O 9. Qd2 b5 10. f3 Qc7 11. O-O-O Rd8 12. Kb1 Nc6 13. h4 Ne5 14. Qe2 b4 15.
Na4 Bd7 16. f4 Neg4 17. c3 Bxa4 18. Bxa4 bxc3 19. Nc6 Rdb8 20. b3 c2+ 21. Qxc2
Rc8 22. Rc1 Bf8 23. Qe2 Qb6 24. e5 Nf2 25. exf6 Nxh1 26. Rxh1 Rxc6 27. Bxc6
Qxc6 28. Rc1 Qd5 29. h5 gxf6 30. Bh4 Qf5+ 31. Kb2 Qxf4 32. Rc4 Qh6 33. Qf3 f5
34. Qxa8 Qd2+ 35. Kb1 Qd1+ 36. Kb2 Qd2+ 37. Ka3 Qa5+ 38. Ra4 Qc5+ 39. Kb2 Qe5+
40. Kc2 Qe2+ 41. Kc1 Qe3+ 42. Kd1 d5 43. Be7 Qg1+ 44. Kc2 Qxg2+ 45. Kc3 d4+ 0-1

[Event "VL 2017/18"]
[Site "Mecklenburg-Vorpommern"]
[Date "2017.10.08"]
[Round "1.5"]
[White "Kutschke, Peter"]
[Black "Podolskiy, Alexander"]
[Result "1-0"]
[WhiteElo "1933"]
[BlackElo "1847"]
[PlyCount "89"]
[EventDate "2017.??.??"]
[EventType "team-tourn"]
[EventRounds "9"]
[SourceDate "2017.10.08"]
[WhiteTeam "SF Schwerin III"]
[BlackTeam "ASV Wismar"]

1. e4 e5 2. d4 exd4 3. Qxd4 Nc6 4. Qe3 d6 5. Bd2 Be7 6. Nc3 Nf6 7. O-O-O Ng4 8.
Qe1 Be6 9. f4 O-O 10. h3 Nf6 11. Nf3 a6 12. g4 b5 13. f5 Bc4 14. g5 Nd7 15. Qg3
Bxf1 16. Rhxf1 Kh8 17. Nd5 b4 18. Nxb4 Nxb4 19. Bxb4 f6 20. Nd4 Rg8 21. Ne6 Qb8
22. Bc3 Ne5 23. Rf4 fxg5 24. Nxg5 Bxg5 25. Qxg5 Qd8 26. Qg3 Qe8 27. Rh4 Rf8 28.
Rd5 Qa4 29. a3 Qc4 30. Bxe5 dxe5 31. Qg6 Qf1+ 32. Rd1 Qf4+ 33. Rxf4 hxg6 34.
Rh4+ Kg8 35. fxg6 Rf3 36. Rd7 Rg3 37. Rg4 Rxh3 38. Rxc7 Rh1+ 39. Kd2 Rd8+ 40.
Kc3 Rh3+ 41. Kb4 Kf8 42. Rg5 Rb8+ 43. Ka5 Rxb2 44. c4 Ra2 45. Rxe5 1-0

[Event "VL 2017/18"]
[Site "Mecklenburg-Vorpommern"]
[Date "2017.10.08"]
[Round "1.6"]
[White "Borchert, Ulf"]
[Black "Kupfernagel, Michael"]
[Result "1/2-1/2"]
[WhiteElo "1833"]
[BlackElo "1935"]
[PlyCount "44"]
[EventDate "2017.??.??"]
[EventType "team-tourn"]
[EventRounds "9"]
[SourceDate "2017.10.08"]
[WhiteTeam "ASV Wismar"]
[BlackTeam "SF Schwerin III"]

1. d4 Nf6 2. Nf3 d6 3. Bf4 g6 4. e3 Bg7 5. Bd3 b6 6. Nbd2 Bb7 7. Qe2 Nc6 8. c3
O-O 9. h4 Re8 10. O-O-O e5 11. dxe5 dxe5 12. Bg5 h6 13. Bxf6 Qxf6 14. Be4 Rad8
15. g4 Na5 16. Bxb7 Nxb7 17. g5 Qe6 18. gxh6 Bxh6 19. h5 g5 20. Kb1 Nc5 21.
Rdg1 f6 22. Qc4 Kf7 1/2-1/2

[Event "VL 2017/18"]
[Site "Mecklenburg-Vorpommern"]
[Date "2017.10.08"]
[Round "1.8"]
[White "Quang, Luu Vinh"]
[Black "Helms, Sven"]
[Result "0-1"]
[WhiteElo "1531"]
[BlackElo "1884"]
[PlyCount "46"]
[EventDate "2017.??.??"]
[EventType "team-tourn"]
[EventRounds "9"]
[SourceDate "2017.10.08"]
[WhiteTeam "ASV Wismar"]
[BlackTeam "SF Schwerin III"]

1. e4 e6 2. d4 d5 3. exd5 exd5 4. Bd3 Bd6 5. c3 Ne7 6. Nf3 O-O 7. O-O Nbc6 8.
Qc2 Ng6 9. Be3 Bg4 10. Nbd2 Qd7 11. c4 Nb4 12. Qb3 Nxd3 13. Qxd3 c6 14. Ne1
Rae8 15. f3 Bf5 16. Qb3 a5 17. c5 Bb8 18. Bf2 Re2 19. Rd1 Nf4 20. Nb1 Bxb1 21.
Rxb1 Qf5 22. Rd1 Rd8 23. Qxb7 Nh3+ 0-1

[Event "VL 2017/18"]
[Site "Mecklenburg-Vorpommern"]
[Date "2017.10.08"]
[Round "1.1"]
[White "Ruesch, Hans Joachim"]
[Black "Moeller, Peter"]
[Result "1/2-1/2"]
[WhiteElo "1998"]
[BlackElo "2025"]
[PlyCount "68"]
[EventDate "2017.??.??"]
[EventType "team-tourn"]
[EventRounds "9"]
[SourceDate "2017.10.08"]
[WhiteTeam "SFO Warnemuende"]
[BlackTeam "HSG Uni Rostock"]

1. d4 d5 2. c4 c6 3. Nf3 Nf6 4. Nc3 Bf5 5. cxd5 cxd5 6. Qb3 Qb6 7. Nxd5 Qxb3 8.
Nxf6+ exf6 9. axb3 Bc2 10. Bd2 Bxb3 11. e4 Bd6 12. Bb5+ Nd7 13. O-O a6 14. Bc3
O-O-O 15. Bd3 Be6 16. Ba5 Rde8 17. h3 Nf8 18. Rfc1+ Kb8 19. Bxa6 Bf4 20. Bb5
Bd7 21. Bxd7 Nxd7 22. Re1 Rc8 23. g3 Bd6 24. Bc3 Rhe8 25. Nd2 Nb6 26. f4 Nc4
27. Nf3 Bc7 28. Kg2 Bd8 29. d5 Nd6 30. e5 Nb5 31. d6 Rc4 32. Nd2 Rc6 33. Ba5
Bxa5 34. Rxa5 Nxd6 1/2-1/2

[Event "VL 2017/18"]
[Site "Mecklenburg-Vorpommern"]
[Date "2017.10.08"]
[Round "1.2"]
[White "Hammel, Ralf"]
[Black "Schumacher, Dirk"]
[Result "1/2-1/2"]
[WhiteElo "1917"]
[BlackElo "1960"]
[PlyCount "21"]
[EventDate "2017.??.??"]
[EventType "team-tourn"]
[EventRounds "9"]
[SourceDate "2017.10.08"]
[WhiteTeam "HSG Uni Rostock"]
[BlackTeam "SFO Warnemuende"]

1. e4 c5 2. Nf3 d6 3. d4 cxd4 4. Nxd4 Nf6 5. Nc3 a6 6. g3 e6 7. Bg2 Be7 8. O-O
Qc7 9. Be3 Nbd7 10. Qe2 Ne5 11. Rad1 1/2-1/2

[Event "VL 2017/18"]
[Site "Mecklenburg-Vorpommern"]
[Date "2017.10.08"]
[Round "1.3"]
[White "Hamann, Dirk"]
[Black "Wichert, Till"]
[Result "1/2-1/2"]
[WhiteElo "1888"]
[BlackElo "1794"]
[PlyCount "47"]
[EventDate "2017.??.??"]
[EventType "team-tourn"]
[EventRounds "9"]
[SourceDate "2017.10.08"]
[WhiteTeam "SFO Warnemuende"]
[BlackTeam "HSG Uni Rostock"]

1. e4 e6 2. d4 d5 3. Nc3 Nf6 4. Bg5 Bb4 5. e5 h6 6. Bd2 Bxc3 7. bxc3 Ne4 8. Nf3
c5 9. Bd3 Nc6 10. Qe2 Nxd2 11. Qxd2 Qa5 12. dxc5 Qxc5 13. O-O Na5 14. Rfb1 O-O
15. Rb4 Bd7 16. Rg4 Kh8 17. Rh4 f5 18. Rxh6+ gxh6 19. Qxh6+ Kg8 20. Qg6+ Kh8
21. Qh6+ Kg8 22. Qg6+ Kh8 23. Qh5+ Kg8 24. Qg6+ 1/2-1/2